00948cam a22002535a 450000100060000000300080000600500170001400800410003103500190007204000180009104100080010908200070011710000650012424500970018926000520028630000220033850000110036050000370037165000090040894200120041799900170042995201280044695201200057484690BD-RjUL20250216140826.0110111s2009 pk 000 0 urd  a(BD-RjUL)84690 aDLCcDLCbeng aurd 2231 aرضوی، کمال احمد , ;; Rizvi, Kamal Ahmed91500610a‏سواد شام /‏ Savād-i shām /cکمال احمد رضوی ;;Kamal Ahmed Rizvi  aLahore :bکتاب منزل katab mazil ,c1953 a378 p. ;c18 cm. aPoems. a"Majmūʻah-yi kalām"--Cover. aPoem 2ddccBK c84690d84690 00102ddc40718NFICaRUCLbRUCLcReadingd1967-05-11emubarak alig4.75oU 891.439 RIS 1953r2025-02-16 00:00:00tC-1yBK 00102ddc40708NFICaRUCLbRUCLcGENd2025-08-13l0oU 891.439 RIS 1953r2025-08-13 00:00:00tC-2w2025-08-13yBK